000 00285nam a22001337a 4500
008 170823b xxu||||| |||| 00| 0 eng d
020 _a9781285057095
041 _aeng
080 _210 ED
_a51
100 _a38
101 _aMAT
245 _aCALCULUS
_c LARSON.R
942 _2udc
_cBK
999 _c24642
_d24642